[Event "GER-ch U25 op"]
[Site "Willingen"]
[Date "2008.05.14"]
[Round "6"]
[White "Kilic, Ahmet"]
[Black "Palm, Adrian"]
[Result "1/2-1/2"]
[WhiteElo "1171"]
[BlackElo "915"]
[PlyCount "83"]
[EventDate "2008.05.11"]
[EventType "swiss"]
[EventRounds "9"]
[EventCountry "GER"]
[SourceTitle "CBM 124 Extra"]
[Source "ChessBase"]
[SourceDate "2008.07.03"]
[SourceVersion "1"]
[SourceVersionDate "2008.07.03"]
[SourceQuality "1"]

1. e4 e6 2. d4 d5 3. e5 c5 4. Nf3 Nc6 5. Bb5 Bd7 6. Bxc6 Bxc6 7. 0-0 cxd4 8. Nxd4 Bc5 9. Nxc6 bxc6 10. Bf4 Qb6 11. b3 Ne7 12. Qe2 Nf5 13. Nd2 0-0-0 14. Rad1 h6 15. c3 a5 16. Ra1 g5 17. Bg3 h5 18. b4 axb4 19. cxb4 Bd4 20. Rab1 h4 21. Bxh4 gxh4 22. b5 c5 23. Nf3 Bc3 24. Ng5 Rdf8 25. Nf3 Rfg8 26. Rfc1 Nd4 27. Nxd4 Bxd4 28. Qe1 c4 29. Qb4 Bxf2+ 30. Kh1 Be3 31. Rc2 Bc5 32. Qc3 Bd4 33. Qb4 Kd7 34. a4 Ra8 35. Ra2 Ra5 36. Rf1 Bc5 37. Qd2 Rh7 38. Qg5 d4 39. Qg8 Rh5 40. Qxf7+ Be7 41. Qxh5 c3 42. Qd1 1/2-1/2